[Event "Steinfurt Bezirksliga 1516"]
[White "Meinert, Dominik"]
[Black "Carstensen, Jens"]
[Site "Germany"]
[Round "8.4"]
[Result "1-0"]
[Date "2016.04.30"]
[WhiteElo "1618"]
[BlackElo "1716"]
[PlyCount "69"]
[EventDate "2015.09.19"]
[EventType "team-tourn"]
[EventRounds "9"]
[EventCountry "GER"]
[SourceTitle "EXT 2017"]
[Source "ChessBase"]
[SourceDate "2016.10.25"]
[SourceVersion "1"]
[SourceVersionDate "2016.10.25"]
[SourceQuality "1"]
[WhiteTeam "Steinfurt II"]
[BlackTeam "Neuenkirchen II"]
[WhiteTeamCountry "GER"]
[BlackTeamCountry "GER"]

1. e4 c6 2. d4 d5 3. exd5 cxd5 4. c4 Nf6 5. Nf3 e6 6. Nc3 Bb4 7. Bg5 h6 8. Bxf6 Qxf6 9. cxd5 exd5 10. Bb5+ Nc6 11. 0-0 Bxc3 12. bxc3 0-0 13. Qd2 Bf5 14. Rfe1 a6 15. Ba4 b5 16. Bb3 Be4 17. Re3 Ne7 18. Ne5 Qg5 19. f3 Bf5 20. Rae1 Be6 21. Qf2 Nf5 22. f4 Qd8 23. R3e2 Nd6 24. Qf3 Ne4 25. Bc2 Nf6 26. g4 Qc8 27. f5 Bd7 28. h4 Nh7 29. Qxd5 Ra7 30. Ng6 Qxc3 31. Nxf8 Bc6 32. Ng6 Bxd5 33. Re8+ Nf8 34. Rxf8+ Kh7 35. Rh8# 1-0

[Event "Steinfurt Bezirksliga 1516"]
[White "Roewekamp, Helmut"]
[Black "Carstensen, Jens"]
[Site "Germany"]
[Round "1.4"]
[Result "1-0"]
[Date "2015.09.19"]
[WhiteElo "1597"]
[BlackElo "1716"]
[PlyCount "91"]
[EventDate "2015.09.19"]
[EventType "team-tourn"]
[EventRounds "9"]
[EventCountry "GER"]
[SourceTitle "EXT 2017"]
[Source "ChessBase"]
[SourceDate "2016.10.25"]
[SourceVersion "1"]
[SourceVersionDate "2016.10.25"]
[SourceQuality "1"]
[WhiteTeam "Reckenfeld"]
[BlackTeam "Neuenkirchen II"]
[WhiteTeamCountry "GER"]
[BlackTeamCountry "GER"]

1. e4 c6 2. d4 d5 3. e5 Bf5 4. Bd3 Bxd3 5. Qxd3 e6 6. Nf3 Nd7 7. b3 Ne7 8. 0-0 Qc7 9. a4 c5 10. c3 Rc8 11. Nbd2 Nf5 12. Ba3 Be7 13. Rfc1 0-0 14. b4 cxd4 15. cxd4 Qb8 16. h3 Rxc1+ 17. Rxc1 Rc8 18. Rxc8+ Qxc8 19. a5 Nb8 20. b5 Bd8 21. Bb4 a6 22. g3 axb5 23. Qxb5 Qc6 24. Qd3 Qa4 25. Qb3 Qa1+ 26. Kg2 Nxd4 27. Qd3 Nxf3 28. Nxf3 Qa4 29. Qb1 Qb5 30. Nd4 Qd7 31. Qa2 Nc6 32. Bc3 Nxe5 33. a6 bxa6 34. Qxa6 Ng6 35. Nc6 Ne7 36. Ne5 Qc7 37. Bd4 h6 38. Qa4 f6 39. Qe8+ Kh7 40. Nf7 Nf5 41. Ba1 Be7 42. h4 Nd6 43. Qh8+ Kg6 44. Nxh6 gxh6 45. Qg8+ Kh5 46. Kh3 1-0

[Event "Steinfurt Bezirksklasse 1112"]
[White "Bloem, Markus"]
[Black "Carstensen, Jens"]
[Site "Germany"]
[Round "6.1"]
[Result "1-0"]
[Date "2012.02.25"]
[WhiteElo "1446"]
[BlackElo "1635"]
[PlyCount "67"]
[EventDate "2011.09.24"]
[EventType "team-tourn"]
[EventRounds "9"]
[EventCountry "GER"]
[SourceTitle "EXT 2013"]
[Source "ChessBase"]
[SourceDate "2012.11.22"]
[SourceVersion "1"]
[SourceVersionDate "2012.11.22"]
[SourceQuality "1"]
[WhiteTeam "Ibbenbueren III"]
[BlackTeam "Neuenkirchen III"]
[WhiteTeamCountry "GER"]
[BlackTeamCountry "GER"]

1. e4 c6 2. d4 d5 3. exd5 cxd5 4. Nf3 Bg4 5. Bb5+ Nd7 6. 0-0 Ngf6 7. Bg5 a6 8. Ba4 b5 9. Bb3 e6 10. Nbd2 Be7 11. a4 0-0 12. h3 Bh5 13. axb5 axb5 14. Qe2 Qb6 15. c3 h6 16. Bh4 Bd6 17. g4 Bg6 18. Bxf6 Nxf6 19. Ne5 Bh7 20. Ndf3 Ra5 21. g5 hxg5 22. Nxg5 Bf5 23. Bc2 Bxc2 24. Qxc2 Rxa1 25. Rxa1 Qc7 26. Ng4 Rc8 27. Nxf6+ gxf6 28. Qh7+ Kf8 29. Qh6+ Ke7 30. Nh7 Rg8+ 31. Kh1 Be5 32. dxe5 Qxe5 33. Qxf6+ Qxf6 34. Ra7+ 1-0

[Event "Neuenkirchen SFN CC-ch"]
[White "Beckmann, Klaus2"]
[Black "Carstensen, Jens"]
[Site "Neuenkirchen"]
[Round "6"]
[Result "1-0"]
[Date "2012.02.10"]
[WhiteElo "2134"]
[BlackElo "1601"]
[PlyCount "67"]
[EventDate "2011.09.16"]
[EventType "tourn"]
[EventRounds "9"]
[EventCountry "GER"]
[SourceTitle "EXT 2013"]
[Source "ChessBase"]
[SourceDate "2012.11.22"]
[SourceVersion "1"]
[SourceVersionDate "2012.11.22"]
[SourceQuality "1"]

1. e4 c6 2. d4 d5 3. exd5 cxd5 4. Bd3 Nc6 5. c3 Nf6 6. Bf4 Bg4 7. Qb3 Qd7 8. Nd2 e6 9. Ngf3 Be7 10. Ne5 Qc8 11. 0-0 0-0 12. Qc2 Bh5 13. Rfe1 a6 14. a4 Bg6 15. Bxg6 hxg6 16. Ndf3 Ne4 17. Nxc6 bxc6 18. a5 Bd6 19. Bxd6 Nxd6 20. b4 Kh7 21. Ng5+ Kg8 22. Qd3 Qd8 23. f4 Nf5 24. Rad1 Qd6 25. g3 Rfe8 26. Rd2 Kf8 27. Rde2 Nh6 28. Kg2 Kg8 29. h4 Nf5 30. h5 gxh5 31. Qxf5 Qd7 32. Qh7+ Kf8 33. Qh8+ Ke7 34. Qxg7 1-0